000 02468nam a2200241Ia 4500
003 Ost
005 20260507075315.0
008 260507s9999||||xx |||||||||||||| ||und||
020 _a9602329957978
040 _cfsecg
041 _aara
082 _a346.04
100 _aالحياني، ابراهيم عنتر فتحي
_eمؤلف
245 0 _aتصرف المستأجر بحقوقه الناشئة عن عقد الايجار :
_bدراسة مقارنة /
_c ابراهيم عنتر فتحي الحياني
260 _aعمان:
_bدار الحامد للنشر والتوزيع,
_c2012
300 _a234 صفحة؛
_c25 سم
504 _aببليوغرافيا: ص.221
520 _a المقدمة-الفصل الأول : طبيعة حق المستأجر : المبحث الأول : طبيعة حق المستأجر في الفقه القانوني : المطلب الأول : الاتجاه القائل بعينة حق المستأجر : المطلب الثاني : الاتجاه القائل بشخصية حق المستأجر : المبحث الثاني : طبيعة حق المستأجر في القوانين المدنية والقوانين الخاصة : المبحث الثالث : طبيعة حق المستأجر في الفقه الإسلامي-الفصل الثاني : حدود صلاحية المستأجر في التصرف بحقوقة الناشئة عن عقد الإيجار : المبحث الأول : مدى حق المستأجر في التصرف بحقوقه الناشئة من عقد الإيجار وفقا للقوانين المدنية : المبحث الثاني : مدى حق المستأجر في التصرف بحقوقة الناشئة عن عقد الإيجار وفقا للقوانين الخاصة : المبحث الثالث : مدى حق المستأجر في التصرف بحقوقة الناشئة عن عقد الإيجار وفقا للفقة الإسلامي-الفصل الثالث : أحكام تصرف المستأجر بحقوقه الناشئة عن عقد الإيجار : المبحث الأول : أحكام صحة تصرف المستأجر بحقوقة الناشئة عن عقد الإيجار : المبحث الثاني : أحكام عدم صحة تصرف المستأجر بحقوقة الناشئة عن عقد الإيجار-الخاتمة
653 _aالقانون المدني
653 _aالمالك والمستأجر
653 _aعقود الايجار
942 _cكتاب
999 _c43890
_d43890